| 000 | 00346nam a22001457a 4500 | ||
|---|---|---|---|
| 003 | OSt | ||
| 005 | 20230828103622.0 | ||
| 008 | 200307b xxu||||| |||| 00| 0 eng d | ||
| 040 | _cIIMT UNIVERSITY | ||
| 100 | _aSRINIVASAN R | ||
| 245 | _aSERVICE MARKETING | ||
| 260 |
_aNEW DELHI _bPHI LEARNING PVT _c2009 |
||
| 300 | _a263 | ||
| 942 |
_2ddc _c02 |
||
| 999 |
_c49858 _d49858 |
||